• 首页
  • 本馆介绍
  • 公告通知
  • 最新文献
  • 馆藏检索
  • 电子资源
  • 读者导购
  • 参考咨询
  • 我的图书馆
  • 登录
  • 详细信息显示
  • 放入我的书架
  • 预约/预借图书
  • 作者相关作品
  • 分类相关作品
  • 丛书相关作品
  • 出版社相关作品

书目信息

  • 表格格式
  • 工作单格式
  • 卡片格式
题名:
超级记忆
    
 
作者: 石伟华 著
分册:  
出版信息: 北京   中国纺织出版社  2017
页数: 250页
开本: 24cm
丛书名:
单 册:
中图分类: B842.3
科图分类:
主题词: 记忆术
电子资源:
ISBN: 978-7-5180-3026-2
000 00745nam0 2200217 450
001 5707
005 20180529215836.45
010    @a978-7-5180-3026-2@dCNY38.00
100    @a20170524d2017 em y0chiy50 ea
101 0  @achi
102    @aCN@b110000
105    @aa z 000yy
200 1  @a超级记忆@9chao ji ji yi@e打造自己的记忆宫殿@f石伟华著
210    @a北京@c中国纺织出版社@d2017
215    @a250页@c图@d24cm
330    @a本书讲解了记忆宫殿术的用法。其中包括地址桩的构建、记忆宫殿的管理以及古汉语、英语、史地生政等各门学科知识点的记忆方法以及日常生活中琐事的记忆技巧。
606 0  @a记忆术
690    @aB842.3@v5
701  0 @a石伟华@9shi wei hua@c(心理咨询师,网络工程师)@4著
801  0 @aCN@b91MARC@c20170524
905    @aMuseLib@dB842.3@e2341
    
    超级记忆:打造自己的记忆宫殿/石伟华著.-北京:中国纺织出版社,2017
    250页:图;24cm
    
    
    ISBN 978-7-5180-3026-2:CNY38.00
    本书讲解了记忆宫殿术的用法。其中包括地址桩的构建、记忆宫殿的管理以及古汉语、英语、史地生政等各门学科知识点的记忆方法以及日常生活中琐事的记忆技巧。
●
相关链接 在E读中查询图书 在五车中查询图书 在当当中查询图书 在豆瓣中查询图书


正题名:超级记忆     索取号:B842.3/2341         预约/预借

序号 登录号 条形码 馆藏地/架位号 状态 备注
1 1114480   211144803   第一样本阅览室/ [索取号:B842.3/2341] 在馆    
2 1114481   211144812   教育系资料室/ [索取号:B842.3/2341] 在馆    
3 1114482   211144821   教育系资料室/ [索取号:B842.3/2341] 在馆    
4 1114483   211144830   教育系资料室/ [索取号:B842.3/2341] 在馆    
5 1114484   211144849   第一借阅区/ [索取号:B842.3/2341] 在馆    
6 1114485   211144858   第一借阅区/ [索取号:B842.3/2341] 在馆    
唐山师范学院图书馆 欢迎您!
大连网信软件有限公司© 版权所有